02293njm a2200469 i 4500001000700000003000900007005001700016007001500033008004100048015001000089017005000099020001800149035002200167035002100189040002900210100004100239240002100280245008500301260004000386264001100426300005100437336004000488337002000528338002400548490005100572500001800623511017400641518004100815520044600856650002401302655001501326700007901341700004201420700003601462700003401498700004001532700004001572700004001612710003101652710003101683852010901714196121ES-MaACL20250904042306.0sd*fsngnnmmned240209s2007 sp opn d / ita  aSON07 aM 35015-2007bOficina Depósito Legal Madrid a9788496832824 a(OCoLC)1004290756 a(SpMaBN)a4580580 aSpMaBNbspacSpMaBNerdc1 aDonizetti, Gaetano, d1797-1848ecmp12aL'elisir d'amore12aL'elisir d'amore / cDonizetti ; libreto de Felice Romani h[Grabación sonora] aMadrid :bPrisa Innova ;cD.L. 2007 a©2007 a2 discos (CD Audio) + e1 libro (76 páginas) 2rdacontentamúsica (interpretada) 2rdamediaaaudio 2rdacarrieravolumen1 aLos clásicos de la ópera, 400 años ;v37 aRemasterizado1 aMargherita Carosio, Nicola Monti, Tito Gobbi, Melchiorre Luise, Loretta di Lelio ; Coro y Orquesta del Teatro de la Ópera de Roma ; Gabriele Santini, director musical. aGrabado en Roma en noviembre de 1952 aJunto con Don Pasquale e Il Barbiere di Siviglia, L¡elisir d'amore, estrenada en el Teatro della Canobbiana de MIlán el 12 de mayo de 1832, constituye una de las cimas de la ópera cómica italiana, por su directo melodismo, la acertada caracterización de unos personajes rebosantes de humanidad y de una partitutra de una frescura y una inspiración melódica sin parangón, como demuestra la célebre aria "Una furtiva lagrima". 7aÓperas-vLibretos 7aLibretos21 aRomani, Felice, d1788-1865- tL'elisir d'amore- lEspañol-Italianoelbt1 aCarosio, Margherita, d1908-2005eprf1 aMonti, Nicola, d1898-1967eprf1 aGobbi, Tito, d1913-1984eprf1 aLuise, Melchiorre, d1898-1967eprf1 aDi Lelio, Loretta, d1918-2013eprf1 aSantini, Gabriele, d1886-1964emsd2 aTeatro dell'Opera di Roma 2 aTeatro dell'Opera di Roma  aES-MaACLbR.155050cDEPOJjN-9832hDonación: Miren FernándezxEncuadernación cartonépVolumen 37